Introduction to modern behaviorism

Αποθηκεύτηκε σε:
Λεπτομέρειες βιβλιογραφικής εγγραφής
Κύριος συγγραφέας: Rachlin, Howard 1935-
Μορφή: Βιβλίο
Γλώσσα:English
Δημοσίευση: San Francisco : W.H. Freeman, 1976
Έκδοση:2nd ed.
Θέματα:
Ετικέτες: Προσθήκη ετικέτας
Δεν υπάρχουν, Καταχωρήστε ετικέτα πρώτοι!

MARC

LEADER 00000nam a2200000 i 4500
001 1/82913
008 960621s1976 eng d
020 |a 0-7167-0492-7 
035 |a 1987  |c Αγορά  |l 10034064 
040 |a GR-MY-UA  |b gre  |e aacr 
041 0 |a eng 
082 0 |a 150.1943 
100 1 |a Rachlin, Howard  |d 1935- 
245 1 0 |a Introduction to modern behaviorism /  |c Howard Rachlin 
250 |a 2nd ed. 
260 |a San Francisco :   |b W.H. Freeman,   |c 1976 
300 |a 250 p. 
650 0 0 |a Conditioned response. 
650 0 0 |a Behaviorism (Psychology) 
650 0 0 |a Reinforcement (Psychology) 
852 |a INST  |b RHODES  |e 19960621  |h 150.1943 RAC  |p 005400004862  |q 005400004862  |t BK  |y 0 
909 |a Ρ  |b 005795  |c 1987